[Event "Paul Keres mem (25th)"]
[Site "Vancouver CAN"]
[Date "2000.05.19"]
[Round "7"]
[White "Martinovsky, Ian"]
[Black "Poitras, Luc"]
[Result "1/2-1/2"]
[WhiteElo "2085"]
[BlackElo "2101"]
[PlyCount "93"]
[GameId "2160767911716080"]
[EventDate "2000.05.13"]
[EventType "swiss"]
[EventRounds "10"]
[EventCountry "CAN"]
[SourceTitle "The Week in Chess 290"]
[Source "Mark Crowther"]
[SourceDate "2000.05.30"]
[SourceVersion "1"]
[SourceVersionDate "2000.05.30"]
[SourceQuality "2"]

1. g3 e5 2. Bg2 Nf6 3. d4 exd4 4. Qxd4 Nc6 5. Qa4 d5 6. Nf3 Bd6 7. O-O O-O 8. c4 Qe7 9. Nc3 dxc4 10. Qxc4 h6 11. Nb5 Bc5 12. Nxc7 Bxf2+ 13. Rxf2 Qxc7 14. Nd4 Ng4 15. Rf4 Nge5 16. Qc5 Bd7 17. Bd2 Ng6 18. Rff1 Qe5 19. Qxe5 Ngxe5 20. Nf5 Bxf5 21. Rxf5 Nc4 22. Bxc6 bxc6 23. Bc3 Rfe8 24. Rc5 Nb6 25. Kf2 Re6 26. Re5 Rxe5 27. Bxe5 f6 28. Bd4 Rd8 29. e3 c5 30. Bc3 Kf7 31. Rc1 Nd7 32. Ke2 Ke6 33. Ba5 Rb8 34. b3 Rb5 35. Bd2 Rb6 36. e4 Ra6 37. Rc2 Ne5 38. Be3 Nd7 39. g4 Ra5 40. h3 Rb5 41. Rd2 Rb4 42. Kd3 a6 43. Bf4 Ne5+ 44. Bxe5 Kxe5 45. Rc2 Rd4+ 46. Ke3 Rxe4+ 47. Kf3 1/2-1/2

[Event "Paul Keres mem (25th)"]
[Site "Vancouver CAN"]
[Date "2000.05.19"]
[Round "7"]
[White "Milicevic, Dragoljub"]
[Black "Martinovsky, Ian"]
[Result "1-0"]
[WhiteElo "2184"]
[BlackElo "2085"]
[PlyCount "63"]
[GameId "2160767911716082"]
[EventDate "2000.05.13"]
[EventType "swiss"]
[EventRounds "10"]
[EventCountry "CAN"]
[SourceTitle "The Week in Chess 290"]
[Source "Mark Crowther"]
[SourceDate "2000.05.30"]
[SourceVersion "1"]
[SourceVersionDate "2000.05.30"]
[SourceQuality "2"]

1. Nf3 g6 2. g3 Bg7 3. Bg2 Nf6 4. O-O O-O 5. c4 d6 6. d4 c6 7. Nc3 Qc7 8. e4 e5 9. h3 h6 10. Be3 Re8 11. Qd2 Kh7 12. Rac1 Nbd7 13. b4 a5 14. b5 c5 15. dxe5 Nxe5 16. Nxe5 dxe5 17. f4 Bd7 18. Qf2 Rac8 19. g4 Re7 20. g5 hxg5 21. fxg5 Nh5 22. Nd5 Qd6 23. Nxe7 Qxe7 24. Qxf7 Qe6 25. Qxe6 Bxe6 26. Rfd1 Nf4 27. Rc2 Kg8 28. h4 Kf7 29. Bxf4 exf4 30. Rd6 Bd4+ 31. Kf1 Be5 32. Rxe6 1-0

[Event "Paul Keres mem (25th)"]
[Site "Vancouver CAN"]
[Date "2000.05.19"]
[Round "7"]
[White "Nathani, Kaleim"]
[Black "Baunok, Zoltan"]
[Result "1-0"]
[WhiteElo "1887"]
[BlackElo "2127"]
[PlyCount "83"]
[GameId "2160767911716083"]
[EventDate "2000.05.13"]
[EventType "swiss"]
[EventRounds "10"]
[EventCountry "CAN"]
[SourceTitle "The Week in Chess 290"]
[Source "Mark Crowther"]
[SourceDate "2000.05.30"]
[SourceVersion "1"]
[SourceVersionDate "2000.05.30"]
[SourceQuality "2"]

1. e4 d5 2. exd5 Nf6 3. c4 c6 4. d4 cxd5 5. Nc3 Nc6 6. Bg5 Qa5 7. Bxf6 exf6 8. cxd5 Bb4 9. Rc1 Qxd5 10. a3 Bxc3+ 11. bxc3 O-O 12. Nf3 Bg4 13. Be2 Rfe8 14. O-O Qa2 15. Bd3 Qxa3 16. h3 Bh5 17. Bb1 Re7 18. Qd3 Bg6 19. Qc4 Na5 20. Qd5 Bxb1 21. Rxb1 Rc8 22. Ra1 Qxc3 23. Qxa5 b6 24. Qxc3 Rxc3 25. Rfc1 Rxc1+ 26. Rxc1 Kf8 27. Rc8+ Re8 28. Rxe8+ Kxe8 29. Kf1 Kd7 30. Ke2 Kc6 31. Kd2 Kd5 32. Kd3 a5 33. Ng1 b5 34. Ne2 b4 35. Nf4+ Kd6 36. Kc4 g5 37. Nd3 h5 38. g4 h4 39. f3 a4 40. Nxb4 Ke6 41. Kc5 a3 42. Kc6 1-0

[Event "Paul Keres mem (25th)"]
[Site "Vancouver CAN"]
[Date "2000.05.19"]
[Round "7"]
[White "Neff, Elliott"]
[Black "Wu, Howard"]
[Result "1/2-1/2"]
[WhiteElo "2123"]
[BlackElo "2176"]
[PlyCount "56"]
[GameId "2160767911716084"]
[EventDate "2000.05.13"]
[EventType "swiss"]
[EventRounds "10"]
[EventCountry "CAN"]
[SourceTitle "The Week in Chess 290"]
[Source "Mark Crowther"]
[SourceDate "2000.05.30"]
[SourceVersion "1"]
[SourceVersionDate "2000.05.30"]
[SourceQuality "2"]

1. e4 c5 2. d3 Nc6 3. g3 g6 4. Bg2 Bg7 5. f4 e6 6. c3 d5 7. e5 Nge7 8. Nh3 O-O 9. O-O b6 10. Nd2 Nf5 11. Nf3 h5 12. Qe2 Ba6 13. Bd2 Qc8 14. Nf2 c4 15. d4 Ncxd4 16. Nxd4 Nxd4 17. Qd1 Nf5 18. g4 hxg4 19. Nxg4 Bb7 20. Be3 Qd8 21. Bf2 Qe7 22. Qe2 Rfd8 23. Rad1 Bc6 24. Rd2 Rab8 25. Ne3 Nxe3 26. Qxe3 d4 27. Rxd4 Bxg2 28. Kxg2 Rxd4 1/2-1/2

[Event "Paul Keres mem (25th)"]
[Site "Vancouver CAN"]
[Date "2000.05.19"]
[Round "7"]
[White "Sokourinski, Sergei"]
[Black "Fullbrook, Nigel"]
[Result "0-1"]
[WhiteElo "2125"]
[BlackElo "2260"]
[PlyCount "104"]
[GameId "2160767911716086"]
[EventDate "2000.05.13"]
[EventType "swiss"]
[EventRounds "10"]
[EventCountry "CAN"]
[SourceTitle "The Week in Chess 290"]
[Source "Mark Crowther"]
[SourceDate "2000.05.30"]
[SourceVersion "1"]
[SourceVersionDate "2000.05.30"]
[SourceQuality "2"]

1. d4 Nf6 2. Nf3 c5 3. c3 cxd4 4. cxd4 g6 5. Nc3 Bg7 6. e4 d6 7. Be2 O-O 8. O-O a6 9. h3 b5 10. e5 Ne8 11. Bf4 Bb7 12. a3 Nd7 13. Re1 Nb6 14. Rc1 Rc8 15. Nd2 Nc7 16. exd6 exd6 17. Nde4 Ne6 18. Bxd6 Rxc3 19. bxc3 Bxe4 20. Bxf8 Bxf8 21. Bxb5 Bxg2 22. Kxg2 axb5 23. Qg4 Bxa3 24. Rb1 Qd5+ 25. Qe4 Nf4+ 26. Kh2 Bd6 27. Qxd5 Nfxd5+ 28. Kg2 Nxc3 29. Rb3 Nbd5 30. Re8+ Kg7 31. Rd8 Be7 32. Rxd5 Nxd5 33. Rxb5 Nf4+ 34. Kf3 Nxh3 35. Rb7 Ng5+ 36. Ke3 Kf6 37. Rb6+ Ne6 38. Ke4 Bd8 39. Rb8 Bc7 40. Rb7 h5 41. Kd5 h4 42. Rb1 h3 43. Kc6 Bf4 44. d5 Nd4+ 45. Kc5 Nf5 46. Kc4 h2 47. Re1 Nh4 48. Kd3 Nf3 49. Rh1 Ng1 50. Ke4 g5 51. f3 Kg6 52. Kd3 Nxf3 0-1

[Event "Paul Keres mem (25th)"]
[Site "Vancouver CAN"]
[Date "2000.05.19"]
[Round "7"]
[White "Vetemaa, Juri"]
[Black "Donaldson, John"]
[Result "0-1"]
[WhiteElo "2287"]
[BlackElo "2399"]
[PlyCount "76"]
[GameId "2160767911716087"]
[EventDate "2000.05.13"]
[EventType "swiss"]
[EventRounds "10"]
[EventCountry "CAN"]
[SourceTitle "CBM 076 Extra"]
[Source "ChessBase"]
[SourceDate "2000.07.11"]
[SourceVersion "1"]
[SourceVersionDate "2000.07.11"]
[SourceQuality "1"]

1. e4 c5 2. Nf3 g6 3. c3 Bg7 4. d4 cxd4 5. cxd4 d5 6. exd5 Nf6 7. Bb5+ Nbd7 8. Nc3 O-O 9. d6 exd6 10. O-O Nb6 11. Re1 Be6 12. Ng5 Bg4 13. Qb3 Rc8 14. h3 Bd7 15. a4 h6 16. Nf3 Bc6 17. Bxc6 bxc6 18. a5 Nbd5 19. Nxd5 Nxd5 20. Bd2 Qd7 21. Qc4 Qb7 22. a6 Qd7 23. Rac1 Rfe8 24. Qb3 Rxe1+ 25. Bxe1 Nf4 26. Kf1 Ne6 27. Qa4 Qe8 28. Bd2 c5 29. Qxe8+ Rxe8 30. dxc5 dxc5 31. b4 cxb4 32. Bxb4 Rb8 33. Bc5 Nxc5 34. Rxc5 Rb6 35. Ra5 Rb2 36. Rd5 Ra2 37. Rd6 Kf8 38. Rc6 Ke8 0-1

[Event "Paul Keres mem (25th)"]
[Site "Vancouver CAN"]
[Date "2000.05.19"]
[Round "7"]
[White "Williamson, James"]
[Black "Haessel, Dale"]
[Result "0-1"]
[WhiteElo "2008"]
[BlackElo "2161"]
[PlyCount "72"]
[GameId "2160767911716088"]
[EventDate "2000.05.13"]
[EventType "swiss"]
[EventRounds "10"]
[EventCountry "CAN"]
[SourceTitle "The Week in Chess 290"]
[Source "Mark Crowther"]
[SourceDate "2000.05.30"]
[SourceVersion "1"]
[SourceVersionDate "2000.05.30"]
[SourceQuality "2"]

1. e4 c5 2. Nf3 d6 3. d4 cxd4 4. c3 Nf6 5. Bd3 dxc3 6. Nxc3 Nc6 7. O-O e6 8. Qe2 a6 9. Rd1 Qc7 10. Bf4 Nh5 11. Be3 Be7 12. Rac1 Nf6 13. Bf4 O-O 14. e5 dxe5 15. Bxe5 Nxe5 16. Nd5 Nxf3+ 17. Qxf3 Nxd5 18. Rxc7 Nxc7 19. Be4 g6 20. Rc1 Nd5 21. Bxd5 exd5 22. Qxd5 Rd8 23. Qf3 Be6 24. Qxb7 Bg5 25. Re1 Rab8 26. Qc7 Rxb2 27. Qe5 Rb5 28. Qe4 Bf6 29. a4 Rb2 30. h4 Rdd2 31. Rf1 h5 32. g3 Bh3 33. Qa8+ Kg7 34. Qxa6 Bxf1 35. Qxf1 Bd4 36. Qc4 Ra2 0-1

[Event "Paul Keres mem (25th)"]
[Site "Vancouver CAN"]
[Date "2000.05.19"]
[Round "7"]
[White "Williamson, James"]
[Black "Wright, Stephen"]
[Result "1/2-1/2"]
[WhiteElo "2008"]
[BlackElo "2258"]
[PlyCount "124"]
[GameId "2160767911716089"]
[EventDate "2000.05.13"]
[EventType "swiss"]
[EventRounds "10"]
[EventCountry "CAN"]
[SourceTitle "The Week in Chess 290"]
[Source "Mark Crowther"]
[SourceDate "2000.05.30"]
[SourceVersion "1"]
[SourceVersionDate "2000.05.30"]
[SourceQuality "2"]

1. e4 Nf6 2. Nc3 d5 3. exd5 Nxd5 4. d4 c6 5. Bc4 Bf5 6. Qf3 e6 7. Nxd5 cxd5 8. Bd3 Bxd3 9. Qxd3 Nc6 10. Nf3 Be7 11. Bf4 O-O 12. O-O Bf6 13. c3 Rc8 14. a4 Na5 15. Nd2 Nc4 16. Nxc4 Rxc4 17. a5 Qd7 18. Qg3 Rfc8 19. Be5 Bxe5 20. Qxe5 b5 21. axb6 axb6 22. f4 Qc7 23. Qxc7 R4xc7 24. Ra6 Rc6 25. Rfa1 g6 26. Ra7 R6c7 27. Rxc7 Rxc7 28. Ra8+ Kg7 29. Rb8 Rc6 30. Rb7 h5 31. h3 Kf6 32. Kf2 b5 33. Kf3 Ra6 34. Rxb5 Ra1 35. Rb7 Rf1+ 36. Ke3 Rg1 37. Kf2 Rc1 38. g4 hxg4 39. hxg4 g5 40. fxg5+ Kxg5 41. Rxf7 Rc2+ 42. Ke3 Rxb2 43. Re7 Kf6 44. Re8 Rc2 45. g5+ Kf5 46. Kd3 Rh2 47. g6 Rh3+ 48. Kc2 Rg3 49. Rf8+ Ke4 50. Rf6 Rg2+ 51. Kb3 e5 52. Re6 Kd3 53. dxe5 Ke4 54. Kb4 Rg3 55. Kc5 Rxc3+ 56. Kd6 d4 57. Rf6 d3 58. g7 d2 59. Rf1 Rg3 60. Rd1 Ke3 61. e6 Rxg7 62. e7 Rxe7 1/2-1/2

[Event "Paul Keres mem (25th)"]
[Site "Vancouver CAN"]
[Date "2000.05.19"]
[Round "7"]
[White "Wu, Howard"]
[Black "Pupols, Viktors"]
[Result "0-1"]
[WhiteElo "2176"]
[BlackElo "2242"]
[PlyCount "90"]
[GameId "2160767911716090"]
[EventDate "2000.05.13"]
[EventType "swiss"]
[EventRounds "10"]
[EventCountry "CAN"]
[SourceTitle "The Week in Chess 290"]
[Source "Mark Crowther"]
[SourceDate "2000.05.30"]
[SourceVersion "1"]
[SourceVersionDate "2000.05.30"]
[SourceQuality "2"]

1. e4 e6 2. d4 d5 3. Nd2 Nf6 4. e5 Nfd7 5. Bd3 b6 6. Qe2 c5 7. c3 Nc6 8. Ngf3 cxd4 9. cxd4 Nb4 10. O-O Nxd3 11. Qxd3 a5 12. Re1 Ba6 13. Qe3 Be7 14. Nf1 Qc7 15. N3d2 Qc2 16. Qg3 Qg6 17. Qxg6 hxg6 18. Nf3 Rc8 19. Ne3 f6 20. exf6 gxf6 21. Bd2 Bb7 22. Rac1 Rxc1 23. Rxc1 Bd6 24. Nd1 Ke7 25. Nc3 Ba6 26. a4 Bc4 27. Be3 Nb8 28. g3 Na6 29. Nd2 Bd3 30. Ndb1 Kd7 31. Rd1 Nb4 32. Na3 g5 33. f3 Bf5 34. Rd2 g4 35. f4 Nd3 36. Nab5 Bb4 37. Re2 Rc8 38. Kg2 Nxb2 39. Nxd5 Be4+ 40. Kg1 exd5 41. Rxb2 Rc2 42. Rb3 Rg2+ 43. Kf1 Rxh2 44. Bf2 Rh8 45. Be1 Rh1+ 0-1

[Event "Paul Keres mem (25th)"]
[Site "Vancouver CAN"]
[Date "2000.05.19"]
[Round "7"]
[White "Yoos, John"]
[Black "Jimenez Molina, Juan Leon"]
[Result "1/2-1/2"]
[WhiteElo "2371"]
[BlackElo "2208"]
[PlyCount "55"]
[GameId "2160767911716091"]
[EventDate "2000.05.13"]
[EventType "swiss"]
[EventRounds "10"]
[EventCountry "CAN"]
[SourceTitle "CBM 076 Extra"]
[Source "ChessBase"]
[SourceDate "2000.07.11"]
[SourceVersion "1"]
[SourceVersionDate "2000.07.11"]
[SourceQuality "1"]

1. e4 c5 2. Nf3 g6 3. d4 cxd4 4. Nxd4 Nc6 5. c4 Nf6 6. Nc3 Nxd4 7. Qxd4 d6 8. Bg5 Bg7 9. Be2 O-O 10. O-O Be6 11. Qe3 a6 12. Rac1 Qa5 13. f4 Rac8 14. b3 Qc5 15. Qxc5 Rxc5 16. Bf3 b5 17. cxb5 Rfc8 18. bxa6 Rxc3 19. Rxc3 Rxc3 20. Bxf6 exf6 21. a7 Rc8 22. f5 Ra8 23. fxe6 fxe6 24. Rd1 Bf8 25. e5 Rxa7 26. exd6 Rd7 27. a4 Rxd6 28. Rxd6 1/2-1/2

[Event "Paul Keres mem (25th)"]
[Site "Vancouver CAN"]
[Date "2000.05.20"]
[Round "8"]
[White "Donaldson, John"]
[Black "Yoos, John"]
[Result "1-0"]
[WhiteElo "2399"]
[BlackElo "2371"]
[PlyCount "77"]
[GameId "2160767911716092"]
[EventDate "2000.05.13"]
[EventType "swiss"]
[EventRounds "10"]
[EventCountry "CAN"]
[SourceTitle "CBM 076 Extra"]
[Source "ChessBase"]
[SourceDate "2000.07.11"]
[SourceVersion "1"]
[SourceVersionDate "2000.07.11"]
[SourceQuality "1"]

1. Nf3 Nf6 2. c4 g6 3. d4 Bg7 4. g3 O-O 5. Bg2 d6 6. Nc3 Nc6 7. O-O a6 8. Qd3 Nd7 9. Bg5 h6 10. Be3 Rb8 11. Qd2 Kh7 12. d5 Na5 13. b3 c5 14. dxc6 bxc6 15. Bd4 Nf6 16. Rad1 Bb7 17. Qc2 Qc7 18. c5 Ba8 19. e4 Ne8 20. Bxg7 Kxg7 21. Na4 Nb7 22. cxd6 exd6 23. Rfe1 Nd8 24. e5 d5 25. Nc5 Qc8 26. Nd4 Nc7 27. f4 Nde6 28. Ndxe6+ fxe6 29. Bf1 Qe8 30. Bxa6 g5 31. fxg5 hxg5 32. Bd3 Nb5 33. Qd2 Qe7 34. Nxe6+ Qxe6 35. Qxg5+ Kf7 36. Rf1+ Ke8 37. Rxf8+ Kxf8 38. Rf1+ Ke8 39. Bg6+ 1-0

[Event "Paul Keres mem (25th)"]
[Site "Vancouver CAN"]
[Date "2000.05.20"]
[Round "8"]
[White "Epishin, Vladimir"]
[Black "Heinola, Kari"]
[Result "1-0"]
[WhiteElo "2667"]
[BlackElo "2174"]
[PlyCount "65"]
[GameId "2160767911716093"]
[EventDate "2000.05.13"]
[EventType "swiss"]
[EventRounds "10"]
[EventCountry "CAN"]
[SourceTitle "CBM 076 Extra"]
[Source "ChessBase"]
[SourceDate "2000.07.11"]
[SourceVersion "1"]
[SourceVersionDate "2000.07.11"]
[SourceQuality "1"]

1. d4 g6 2. c4 Bg7 3. e4 d6 4. Nf3 Bg4 5. Be2 Nc6 6. Be3 e5 7. d5 Nce7 8. Nc3 h6 9. Nd2 Bd7 10. c5 f5 11. f3 Nf6 12. Qb3 Qb8 13. Nc4 O-O 14. O-O Kh7 15. a4 Nc8 16. Qd1 dxc5 17. Nxe5 b6 18. Bb5 Bxb5 19. axb5 Nd6 20. Nc6 Qe8 21. e5 Nc4 22. Re1 Nxe3 23. Rxe3 Nh5 24. Qd2 Kh8 25. d6 Qd7 26. Nd5 cxd6 27. e6 Qc8 28. e7 Re8 29. Rea3 a5 30. Nxb6 Qb7 31. Nxa8 Qxa8 32. Qxd6 Qb7 33. Nxa5 1-0

[Event "Paul Keres mem (25th)"]
[Site "Vancouver CAN"]
[Date "2000.05.20"]
[Round "8"]
[White "Gibney, Eugene"]
[Black "Basanta, Gary"]
[Result "1-0"]
[WhiteElo "2214"]
[BlackElo "2321"]
[PlyCount "67"]
[GameId "2160767911716095"]
[EventDate "2000.05.13"]
[EventType "swiss"]
[EventRounds "10"]
[EventCountry "CAN"]
[SourceTitle "The Week in Chess 290"]
[Source "Mark Crowther"]
[SourceDate "2000.05.30"]
[SourceVersion "1"]
[SourceVersionDate "2000.05.30"]
[SourceQuality "2"]

1. e4 c5 2. Ne2 e6 3. Nbc3 d5 4. exd5 exd5 5. d4 Nc6 6. Be3 cxd4 7. Nxd4 Bb4 8. Nxc6 bxc6 9. Qd4 Bf8 10. O-O-O Nf6 11. Qa4 Qd6 12. Be2 Be7 13. Nxd5 Nxd5 14. Rxd5 Qe6 15. Re5 Qf6 16. Qe4 O-O 17. Rxe7 Be6 18. Rxe6 fxe6 19. Bd3 g6 20. Bd4 Qg5+ 21. Kb1 Rae8 22. g3 c5 23. f4 Qe7 24. Bc3 Kf7 25. Qe5 Rg8 26. Bc4 Rb8 27. Re1 Rb6 28. a4 a6 29. f5 gxf5 30. Qxf5+ Ke8 31. Bxe6 Rg5 32. Qh3 Kd8 33. Bc4 Rxb2+ 34. Kxb2 1-0

[Event "Paul Keres mem (25th)"]
[Site "Vancouver CAN"]
[Date "2000.05.20"]
[Round "8"]
[White "Haessel, Dale"]
[Black "Martinovsky, Ian"]
[Result "0-1"]
[WhiteElo "2161"]
[BlackElo "2085"]
[PlyCount "82"]
[GameId "2160767911716096"]
[EventDate "2000.05.13"]
[EventType "swiss"]
[EventRounds "10"]
[EventCountry "CAN"]
[SourceTitle "CBM 076 Extra"]
[Source "ChessBase"]
[SourceDate "2000.07.11"]
[SourceVersion "1"]
[SourceVersionDate "2000.07.11"]
[SourceQuality "1"]

1. c4 g6 2. g3 Bg7 3. Bg2 e5 4. Nc3 Nf6 5. d3 O-O 6. e4 Nc6 7. Nge2 d6 8. O-O Nd4 9. Nxd4 exd4 10. Ne2 c5 11. h3 Rb8 12. f4 b5 13. b3 bxc4 14. bxc4 Qa5 15. g4 h6 16. Rf3 Bd7 17. Bd2 Qa3 18. Bc1 Qb4 19. Rf2 Ba4 20. Qf1 Rb6 21. g5 hxg5 22. fxg5 Nd7 23. Nf4 Bc6 24. Nd5 Bxd5 25. exd5 Ne5 26. Be4 Qa4 27. Bf4 Qe8 28. Rb1 Nxc4 29. dxc4 Qxe4 30. Rxb6 axb6 31. Bxd6 Rd8 32. Bc7 Rd7 33. Bxb6 Qe7 34. Kg2 d3 35. Kh1 Bd4 36. Ba5 Qe3 37. Rd2 Ra7 38. Bb6 Ra6 39. Rxd3 Qe4+ 40. Kh2 Rxb6 41. Rd2 Be5+ 0-1

[Event "Paul Keres mem (25th)"]
[Site "Vancouver CAN"]
[Date "2000.05.20"]
[Round "8"]
[White "Haukenfrers, Dale"]
[Black "Berrocoso, Tony"]
[Result "1/2-1/2"]
[WhiteElo "2206"]
[BlackElo "2088"]
[PlyCount "57"]
[GameId "2160767911716097"]
[EventDate "2000.05.13"]
[EventType "swiss"]
[EventRounds "10"]
[EventCountry "CAN"]
[SourceTitle "The Week in Chess 290"]
[Source "Mark Crowther"]
[SourceDate "2000.05.30"]
[SourceVersion "1"]
[SourceVersionDate "2000.05.30"]
[SourceQuality "2"]

1. e4 c6 2. d4 d5 3. Nd2 dxe4 4. Nxe4 Nf6 5. Nxf6+ gxf6 6. Nf3 Bg4 7. Be2 Qc7 8. O-O e6 9. c4 Bd6 10. d5 e5 11. Nh4 Bd7 12. Be3 c5 13. Qc2 h5 14. b4 Qc8 15. Rab1 Na6 16. b5 Nc7 17. f4 Bg4 18. fxe5 Bxe5 19. Bd3 b6 20. Rbe1 Kf8 21. Bf5 Qd8 22. Qe4 Qd6 23. Bf4 Re8 24. Bxe5 Rxe5 25. Qf4 Ne8 26. Rxe5 fxe5 27. Qe3 Ng7 28. Bxg4 hxg4 29. Qxe5 1/2-1/2

[Event "Paul Keres mem (25th)"]
[Site "Vancouver CAN"]
[Date "2000.05.20"]
[Round "8"]
[White "Herder, David"]
[Black "Harmon, Clark"]
[Result "1-0"]
[WhiteElo "2263"]
[BlackElo "2203"]
[PlyCount "47"]
[GameId "2160767911716098"]
[EventDate "2000.05.13"]
[EventType "swiss"]
[EventRounds "10"]
[EventCountry "CAN"]
[SourceTitle "CBM 076 Extra"]
[Source "ChessBase"]
[SourceDate "2000.07.11"]
[SourceVersion "1"]
[SourceVersionDate "2000.07.11"]
[SourceQuality "1"]

1. e4 Nf6 2. e5 Nd5 3. d4 d6 4. c4 Nb6 5. exd6 exd6 6. Nc3 Be7 7. Be3 Bf5 8. Qf3 Qc8 9. c5 dxc5 10. dxc5 Bf6 11. cxb6 cxb6 12. Bb5+ Nc6 13. Bxc6+ bxc6 14. Nge2 O-O 15. h3 Re8 16. O-O c5 17. Rfd1 h6 18. Ng3 Bg6 19. Nge4 Bxe4 20. Nxe4 Bxb2 21. Nd6 Qb8 22. Qxf7+ Kh8 23. Nxe8 Bxa1 24. Nc7 1-0

[Event "Paul Keres mem (25th)"]
[Site "Vancouver CAN"]
[Date "2000.05.20"]
[Round "8"]
[White "Mazock, Michael"]
[Black "Jiganchine, Roman"]
[Result "1/2-1/2"]
[WhiteElo "2227"]
[BlackElo "2189"]
[PlyCount "99"]
[GameId "2160767911716099"]
[EventDate "2000.05.13"]
[EventType "swiss"]
[EventRounds "10"]
[EventCountry "CAN"]
[SourceTitle "The Week in Chess 290"]
[Source "Mark Crowther"]
[SourceDate "2000.05.30"]
[SourceVersion "1"]
[SourceVersionDate "2000.05.30"]
[SourceQuality "2"]

1. c4 c6 2. g3 d5 3. Bg2 Nf6 4. Qc2 g6 5. b3 Bg7 6. Bb2 O-O 7. Nf3 Bg4 8. d3 Qc8 9. h3 Bxf3 10. Bxf3 Qd7 11. Nd2 Na6 12. a3 Rfe8 13. Bg2 e5 14. O-O Qd6 15. b4 Rac8 16. Rac1 Nb8 17. cxd5 Nxd5 18. Ne4 Qe7 19. Qc5 Qxc5 20. Nxc5 Rc7 21. Rc2 Nb6 22. Rd1 Rce7 23. Kf1 Rd8 24. Rdc1 Bh6 25. Ra1 Nd5 26. Rb1 Bg7 27. Ba1 Nf6 28. Bb2 Nd5 29. Bc1 Nb6 30. h4 f6 31. Bd2 Kf7 32. Bh3 f5 33. e4 fxe4 34. dxe4 Bf6 35. Be3 h5 36. Ke1 Bg7 37. Bf1 Bf6 38. a4 Kg8 39. a5 Nc8 40. Bc4+ Kh7 41. Ne6 Rde8 42. Ng5+ Kg7 43. Rd1 Rd7 44. Ne6+ Kh7 45. Rxd7+ Nxd7 46. Rd2 Nb8 47. Ng5+ Kg7 48. Ne6+ Kh7 49. Ng5+ Kg7 50. Ne6+ 1/2-1/2

[Event "Paul Keres mem (25th)"]
[Site "Vancouver CAN"]
[Date "2000.05.20"]
[Round "8"]
[White "Nathani, Kaleim"]
[Black "Williamson, James"]
[Result "1-0"]
[WhiteElo "1887"]
[BlackElo "2008"]
[PlyCount "37"]
[GameId "2160767911716100"]
[EventDate "2000.05.13"]
[EventType "swiss"]
[EventRounds "10"]
[EventCountry "CAN"]
[SourceTitle "The Week in Chess 290"]
[Source "Mark Crowther"]
[SourceDate "2000.05.30"]
[SourceVersion "1"]
[SourceVersionDate "2000.05.30"]
[SourceQuality "2"]

1. e4 c5 2. Nf3 Nc6 3. d4 cxd4 4. Nxd4 Nf6 5. Nc3 e5 6. Ndb5 d6 7. Bg5 a6 8. Na3 b5 9. Bxf6 gxf6 10. Nd5 f5 11. Bd3 Be6 12. c3 Rg8 13. g3 Rb8 14. Nc2 f4 15. Ncb4 Bxd5 16. Nxd5 a5 17. a4 Be7 18. axb5 Na7 19. b4 1-0

[Event "Paul Keres mem (25th)"]
[Site "Vancouver CAN"]
[Date "2000.05.20"]
[Round "8"]
[White "Pechisker, Alfred"]
[Black "Hladek, David"]
[Result "1/2-1/2"]
[WhiteElo "2035"]
[BlackElo "2063"]
[PlyCount "61"]
[GameId "2160767911716102"]
[EventDate "2000.05.13"]
[EventType "swiss"]
[EventRounds "10"]
[EventCountry "CAN"]
[SourceTitle "The Week in Chess 290"]
[Source "Mark Crowther"]
[SourceDate "2000.05.30"]
[SourceVersion "1"]
[SourceVersionDate "2000.05.30"]
[SourceQuality "2"]

1. c4 c5 2. Nc3 Nc6 3. g3 g6 4. Bg2 Bg7 5. e3 Nf6 6. Nge2 O-O 7. O-O d6 8. a3 Bd7 9. Rb1 Rb8 10. b4 b6 11. d4 Qc8 12. f4 Bh3 13. d5 Bxg2 14. Kxg2 Nd8 15. Qd3 Nb7 16. Bd2 e6 17. dxe6 fxe6 18. e4 Qd7 19. Rbd1 cxb4 20. axb4 a5 21. bxa5 Nc5 22. Qf3 bxa5 23. Be3 Qc6 24. e5 Qxf3+ 25. Rxf3 Nfe4 26. Nxe4 Nxe4 27. exd6 Rb2 28. Kf1 Rd8 29. Bc1 Rc2 30. Ra3 Rxd6 31. Rxd6 1/2-1/2

[Event "Paul Keres mem (25th)"]
[Site "Vancouver CAN"]
[Date "2000.05.20"]
[Round "8"]
[White "Poitras, Luc"]
[Black "Ivankovic, Goran"]
[Result "1/2-1/2"]
[WhiteElo "2101"]
[BlackElo "1981"]
[PlyCount "58"]
[GameId "2160767911716103"]
[EventDate "2000.05.13"]
[EventType "swiss"]
[EventRounds "10"]
[EventCountry "CAN"]
[SourceTitle "The Week in Chess 290"]
[Source "Mark Crowther"]
[SourceDate "2000.05.30"]
[SourceVersion "1"]
[SourceVersionDate "2000.05.30"]
[SourceQuality "2"]

1. e4 e6 2. d4 d5 3. Nd2 dxe4 4. Nxe4 Nd7 5. Nf3 Ngf6 6. Nxf6+ Nxf6 7. Bc4 Bd6 8. Qe2 O-O 9. Bg5 h6 10. Bh4 a6 11. O-O-O b5 12. Bd3 Bb7 13. Ne5 Be7 14. Bxf6 Bxf6 15. f4 Qd5 16. Rhg1 Bxe5 17. Qxe5 Qxa2 18. f5 Qa1+ 19. Kd2 Qa5+ 20. Kc1 Rae8 21. f6 g6 22. Qe3 Kh7 23. h4 e5 24. dxe5 Qa1+ 25. Kd2 Qxb2 26. Rde1 Qb4+ 27. Kc1 Qa3+ 28. Kd1 Qa1+ 29. Kd2 Qa5+ 1/2-1/2